=LDR 00000nam 2200000 4500 =001 INLIS000000000025847 =005 20130612124327 =008 ***********************************ind** =035 ##$$0010-061300000025847 =041 ##$$a ind =082 ##$$a 372.076 =090 ##$$a 372.076, TAN s =100 ##$$a Taniredja, Tukiran =245 ##$$a Siap EBTANAS, EBTA =260 ##$$a 1993 $b Semarang =300 ##$$a viii, 430 hlm., 21 cm =650 ##$$a Tes Ujian =850 ##$$a NBPNMAT